Orange-Themed Trivia Quiz Stats

 Plays Quiz Updated Jul 11, 2017

Support Sporcle.
Go Orange.
Score 0/15 Timer 04:00
9 Plays Today
Question Answer % Correct
Orange jack-o'-lanterns are commonplace decorations for what fall holiday?Halloween
95%
In 2013, 'Orange Is the New Black' began streaming on what entertainment company?Netflix
81.2%
What orange, rocky superhero is a member of the Fantastic Four?The Thing
79.4%
'A Clockwork Orange' is a novel of a dystopian future set in what real country?United Kingdom
78.1%
In the common knock-knock joke, what fruit 'orange' you glad I didn't say?Banana
73.4%
The Orange Revolution began in 2004 in the capital city of Ukraine. What is its name?Kyiv
70.2%
Tim Roth plays Mr. Orange in what Quentin Tarantino film?Reservoir Dogs
58.8%
House of Orange-Nassau is the current royal family of what country?Netherlands
56.8%
Question Answer % Correct
What hue of orange also denotes one of the world's most expensive spices by weight?Saffron
55.9%
In Pac-Man, what is the name of the orange ghost?Clyde
50.8%
'Orange' is the nickname for what ACC school located in New York?Syracuse University
44.9%
'channel ORANGE' is the debut studio album of what American singer, songwriter, and rapper?Frank Ocean
22.3%
In academia, orange regalia is associated with what field of study?Engineering
15.3%
What contaminant in Agent Orange (an herbicide used during the Vietnam War) is thought to cause its negative effects on human health?Dioxin
10.7%
Orange is the color of transformation in what system of ethics and philosophy that is sometimes characterized as a religion?Confucianism
10.2%

You're not logged in!

Compare scores with friends on all Sporcle quizzes.
OR
Log In
Forgot?

From the Vault

Bill Simmons' Basketball Pyramid

by wgkenney

You'd think a basketball pyramid would be very unstable.
Remove Ads.
Support Sporcle.
Get the best of Sporcle when you Go Orange. This ad-free experience offers more features, more stats, and more fun while also helping to support Sporcle. Thank you for becoming a member.

Show Comments

Extras

Top Quizzes Today


Score Distribution

Your Account Isn't Verified!

In order to create a playlist on Sporcle, you need to verify the email address you used during registration. Go to your Sporcle Settings to finish the process.

Report this User

Report this user for behavior that violates our Community Guidelines.

Details: